| 000 | 00419nam a2200157 4500 | ||
|---|---|---|---|
| 001 | 120968 | ||
| 003 | ES-MaACL | ||
| 005 | 20230906191647.0 | ||
| 007 | t| | ||
| 008 | 070214s1977 sp r ||||1| spa d | ||
| 100 | 1 |
_aPonce, Fernando. _992938 |
|
| 245 | 1 | 0 |
_aArte, hombres y literatura / _cFernando Ponce. |
| 260 |
_aMadrid : _bMarsiega, _c1977. |
||
| 300 |
_a178 p. ; _c22 cm. |
||
| 852 |
_aES-MaACL _jA-6512 _bR.95471 |
||
| 999 |
_c120968 _d120968 |
||